000 00221nam a22000857a 4500
008 170116b xxu||||| |||| 00| 0 eng d
100 _92438
_aShahady.Etal.
245 _aSport Medicine for Coaches
260 _aNew Delhi
_bFP
_c2009
999 _c5481
_d5481